| 000 | 00547nam a2200169Ia 4500 | ||
|---|---|---|---|
| 999 |
_c1480 _d1480 |
||
| 020 | _a1858051800 | ||
| 050 |
_aHF 5635 _bLUC |
||
| 100 | 1 | _aLucey, T. | |
| 245 | 1 | 0 |
_aManagement accounting / _cLucey T. |
| 250 | _a4th ed. | ||
| 260 |
_aLondon : _bDP, _c1996. |
||
| 300 | _a593 p. | ||
| 505 | _aAssessment and revision section 1 Assessment and revision section 2 Assessment and revision section 3 Assessment and revision section 4 Assessment and revision section 5 | ||
| 650 | 0 | _aManagerial accounting. | |
| 650 | 0 | _aAccounting. | |
| 942 | _cBK | ||